España y Venecia: 1604-1607

Uloženo v:
Podrobná bibliografie
Hlavní autor: Corral Castanedo, Alfonso (Autor)
Médium: Kniha
Jazyk:španělština
Vydáno: Valladolid, España Universidad de Valladolid 1955
Edice:Estudios y Documentos, 5
Témata:
Tagy: Přidat tag
Žádné tagy, Buďte první, kdo vytvoří štítek k tomuto záznamu!

MARC

LEADER 00000nam a2200000 a 4500
001 UCO1287
003 CL-VaPUC
005 20210521001544.0
008 000512e19550000SP |||||||||||||||||spa|d
999 |c 287915  |d 287913 
040 |c Pontificia Universidad Católica de Valparaíso 
082 0 4 |a 327.46031 COR 1955  |2 21 
100 0 |a Corral Castanedo, Alfonso  |e author  |9 443260 
245 1 0 |a España y Venecia:  |b  1604-1607 
260 |a Valladolid, España  |b Universidad de Valladolid  |c 1955 
300 |a 68 páginas 
490 0 |a Estudios y Documentos,  |v  5 
583 |a last modification  |c 20000512 00:00:00  |k Rodrigo Vera 
650 7 |a DIPLOMACIA ESPAÑOLA  |2 CL-VaPUC  |9 443261  |z VENECIA 
650 0 |a Relaciones Internacionales  |z ESPAÑA  |z ITALIA  |9 255740 
650 0 |a Historia de España  |z VENECIA  |z ITALIA  |9 315435 
852 |a BIBCUR 
942 |c BK  |2 ddc 
945 |d 20000512 00:00:00  |a rherrera 
952 |0 0  |1 0  |2 ddc  |4 0  |6 327_460310000000000_COR_1955  |7 0  |8 A  |9 335008  |a BIBHIS  |b BIBHIS  |d 2019-11-20  |i 1269402  |o 327.46031 COR 1955  |p 1269402  |r 2025-01-20  |t 1  |w 2019-11-20  |y BK  |k HIS